|
|
|
|
| LEADER |
00000nab a2200000 a 4500 |
| 001 |
vtls000905407 |
| 003 |
SK-MaSNL |
| 005 |
20260305023059.0 |
| 008 |
040720e20001202xo 0 slo |
| 035 |
|
|
|a KE14356
|
| 040 |
|
|
|a KEVKJB
|b slo
|c KEVKJB
|e AACR2
|
| 041 |
0 |
|
|a slo
|
| 044 |
|
|
|a xo
|c SK
|
| 080 |
|
|
|a 792
|2 1981
|
| 080 |
|
|
|a 354.34
|2 1981
|
| 080 |
|
|
|a 929
|2 1981
|
| 100 |
1 |
|
|a Bobriková, Zuzana
|4 aut
|9 340855
|
| 245 |
1 |
0 |
|a Milan Kňažko čítal Exupéryho, ale myšlienky to boli nanajvýš súčasné
|
| 300 |
|
|
|b 1 foto
|
| 590 |
|
|
|a Kňažko, Milan
|b minister kultúry
|
| 590 |
|
|
|a Saint - Exupéry Antoine 1900-1944
|b spisovateľ, letec, diplomat
|
| 600 |
1 |
7 |
|a Kňažko, Milan,
|d 1945-
|2 KEVKJB
|9 102452
|
| 600 |
1 |
7 |
|a Saint-Exupéry, Antoine de,
|d 1900-1944
|2 KEVKJB
|9 86073
|
| 610 |
2 |
7 |
|a Štátna filharmónia Košice
|2 KEVKJB
|9 56989
|
| 650 |
0 |
7 |
|a kultúra
|2 KEVKJB
|9 886
|
| 650 |
0 |
7 |
|a večery literárno-hudobné
|2 KEVKJB
|9 1260024
|
| 650 |
0 |
7 |
|a Citadela
|2 KEVKJB
|9 878400
|
| 650 |
0 |
7 |
|a úryvky
|2 KEVKJB
|9 877926
|
| 650 |
0 |
7 |
|a čítanie
|2 KEVKJB
|9 1654
|
| 650 |
0 |
7 |
|a rozhovory
|2 KEVKJB
|9 453585
|
| 650 |
0 |
7 |
|a rozhovory
|2 KEVKJB
|9 453585
|
| 651 |
|
7 |
|a Košice (Slovensko)
|2 KEVKJB
|9 18694
|
| 651 |
|
7 |
|a KE,
|2 KEVKJB
|9 877256
|
| 655 |
|
7 |
|a periodikum
|2 snkbucl
|9 29553
|
| 700 |
1 |
0 |
|a Kňažko, Milan,
|d 1945-
|4 aut
|9 102452
|
| 710 |
2 |
|
|a Štátna filharmónia Košice
|4 aut
|9 56989
|
| 773 |
0 |
8 |
|t Košický denník Korzár
|g Roč. 3, č.278, 2.12.2000, s. 3
|x 1335-4566
|
| 852 |
|
|
|a ZVYKNI
|b KIS3GCP
|
| 999 |
|
|
|c 3294608
|d 3296538
|